Normal view
MARC view
- Supervised by Asst Prof Engr Fazal Ahmed
Entry Personal Name
001 - CONTROL NUMBER
- control field: 132445
003 - CONTROL NUMBER IDENTIFIER
- control field: NUST
005 - DATE AND TIME OF LATEST TRANSACTION
- control field: 20251218133956.0
008 - FIXED-LENGTH DATA ELEMENTS
- fixed length control field: 251218|| aca||aabn | a|a d
040 ## - CATALOGING SOURCE
- Original cataloging agency: NUST
- Transcribing agency: NUST
100 ## - HEADING--PERSONAL NAME
- Personal name: Supervised by Asst Prof Engr Fazal Ahmed
670 ## - SOURCE DATA FOUND
- Source citation: Work cat.: (NUST)217231: Ullah, GC Azmat (TE-48) 132444, Speed Surveillance System / , June 2015
